Evangeliomok Mellyeket esztendö - által olvastat az Anya - Szent - Egyház ...
| Format: | Book |
|---|---|
| Language: | English |
| PhysicalDescription: | 180 s. |
| Published: |
Nagy - Szombatban
A`Jesus Társasága Akademiai Kollegium
1765
|
MARC
| LEADER | 00000nam a2200000 a 4500 | ||
|---|---|---|---|
| 001 | vtls009173097 | ||
| 003 | SK-MaSNL | ||
| 005 | 20260223141132.0 | ||
| 008 | 080111 000 0 eng | ||
| 040 | |a SNK |b slo |c SNK |e AACR2 | ||
| 245 | 1 | |a Evangeliomok Mellyeket esztendö - által olvastat az Anya - Szent - Egyház ... | |
| 260 | |a Nagy - Szombatban |b A`Jesus Társasága Akademiai Kollegium |c 1765 | ||
| 300 | |a 180 s. | ||
| 999 | |c 569737 |d 571667 | ||
| 952 | |a SNK |b SNK |y PREZ |7 0 |p 17X09173097001 |o snkSD 15270 |i snk2248/58 |3 rekatalogizácia |0 0 |1 0 |4 0 |d 2008-01-11 |l 0 |r 2026-02-23 14:11:32 |w 2026-02-23 | ||


